MDQL
is popping MORE tags! Check the
thread
!
Quizzes
Events
Quiz Creation
Community
Videos
Private Events
Remove Ads
Sign In
Join for FREE
Feedback
Dark Mode
Quiz Categories
Sports
Geography
Music
Movies
Television
Just For Fun
Miscellaneous
History
Literature
Language
Science
Gaming
Entertainment
Religion
Holiday
For Kids
Quiz Lab
Recent
Popular Today
Quiz Kudos Today
Editor Picks
Curator Picks
Quizzes by...
Day
Popularity
Type
Ratings
Length
Year
Community
Subscriptions
Recent Discussions
Orange Saloon
Badges
Playlists
Quests
Create
Leaderboards
Showdown
Live 5
Trivia Bingo
Activity
Puzzle Library
Sporcle Events
Private Events
Virtual Trivia
Globe League
Become a Host
Pub Owners
SporcleCon
Opinionation
Our Games
Videos
Blog
Mobile Apps
Partnerships
Remove Ads and Go Orange
Feedback
Sports
Athletes
MLB
NBA
NHL
NFL
Soccer
Sports Teams
WWE
NCAA
Football
Premier League
Basketball
Baseball
Hockey
Golf
Tennis
Cricket
Rugby
Auto Racing
Olympics
World Cup
Sports
Athletes
MLB
NBA
NHL
NFL
Soccer
Sports Teams
WWE
NCAA
Football
Premier League
Basketball
Baseball
Hockey
Golf
Tennis
Cricket
Rugby
Auto Racing
Olympics
World Cup
Random Quiz
Search Sporcle
×
Quiz Lab
Quiz Lab
Sports
Basketball
Type in answers that appear in a list
Type in answers that appear in a list
Classic
Best Score? Go Orange.
Top 2016 College Basketball Players Stats
Can you name the Top 2016 College Basketball Players?
By
chaseconner2
8m
37 Questions
45 Plays
45 Plays
45 Plays
Comments
Comments
Give Quiz Kudos
Give Quiz Kudos
-
- Ratings
hide this ad
Replay
Link that replays current quiz
Next Quiz
Link to next quiz in quiz playlist
You Got
0%
They Got
Avg Score
45%
Avg Friend Score
Upgrade to see
Score Distribution
Jump to the score distribution portion of the page
Score
0/37
Timer
08:00
0
Plays Today
College
Player
% Correct
UCLA
Lonzo Ball
95.6%
Duke
Grayson Allen
84.4%
Kentucky
Malik Monk
82.2%
Villanova
Josh Hart
77.8%
Duke
Jayson Tatum
77.8%
Washington
Markelle Fultz
75.6%
Kansas
Josh Jackson
73.3%
UCLA
TJ Leaf
68.9%
Kentucky
DeAaron Fox
66.7%
Oregon
Dillon Brooks
64.4%
California
Ivan Rabb
60%
NC State
Dennis Smith Jr
60%
Wisconsin
Nigel Hayes
60%
North Carolina
Justin Jackson
58.1%
Iowa St
Monte Morris
55.6%
Michigan St
Miles Bridges
53.3%
Villanova
Kris Jenkins
51.2%
Purdue
Caleb Swanigan
51.1%
Duke
Luke Kennard
46.5%
College
Player
% Correct
Virginia
London Perrantes
44.4%
Florida St
Dwayne Bacon
42.2%
Clemson
Jaron Blossomgame
40%
Wisconsin
Ethan Happ
40%
Gonzaga
Nigel Williams-Goss
37.8%
Maryland
Melo Trimble
34.9%
South Carolinia
Sindarius Thornwell
27.9%
Baylor
Jonathan Motley
26.7%
Valparaiso
Alec Peters
26.7%
Xavier
Edmond Sumner
23.8%
Indiana
Thomas Bryant
20.9%
UCLA
Thomas Welsh
19%
Creighton
Maurice Watson
16.3%
Arkansas
Moses Kingsley
11.1%
Memphis
Dedric Lawson
7%
Kentucky
Bam Edebayo
6.7%
North Carolina
Joel Barry
4.7%
Washington St
Josh Hawkinson
4.7%
Quiz Playlist
Details
Report
Send in Message
Add To Playlist
Classic:
Type in answers that appear in a list
Last Updated: Feb 16, 2017
Quiz Scoreboard
CHALLENGE
Sign Up to Join the Scoreboard
Show All
Scores
Hide
Comments
May contain spoilers
Recently Published
Two Season TV Shows II
by 123Four
Television
10m
Image Sorting: Flags VI
by Barbecue
Geography
2m
Find the 'City' Movie
by crazypaving
Movies
60s
More to Explore
Quiz From the Vault
Featured Blog Post
14 Easter Pick-up Lines to Find Eggs With
hide this ad
You Might Also Like...
Tags
Basketball Quiz
College Quiz
2016
Player
Today's Top Quizzes in Sports
Browse Sports
hide this ad
Today's Top Quizzes in Basketball
Browse Basketball
Top Contributed Quizzes in Sports
1
Les meilleurs buteurs des matchs entre le PSG et l’OM
2
Les entraîneurs de l'OM et du PSG au 21e siècle
3
2022 World Cup Stars
4
Les joueurs passés par le PSG et l'OM
5
Players with Multiple 50 Home Run Seasons
6
FIFA Club World Cup Champions
7
Criteria MLB: Left Handed Sluggers
8
Les joueurs passés par le LOSC et le RC Lens
9
Top 10 NHL Goal Scorers of All Time
10
MLB Players with Two .350 Batting Average Seasons
Explore More
Trending Topics
NBA
Harry Potter
Anime
Crossword
Disney
Kpop
Marvel
The Office
Pokémon
Soccer
Song
NFL
Puzzle
WWE
Country
hide this ad
More By:
chaseconner2
Quiz
Plays
Rating
Category
Featured
Created
Top 2016 College Basketball Players
45
1.00
Sports
Jan 6, 2017
Go to Creator's Profile
Score Distribution
Quiz Creator Spotlight
chaseconner2
Follow
Send a Message
Quizzes Created
-
Created Quiz Play Count
-
More By This Creator
Popular Quizzes Today
1
Find the US States - No Outlines Minefield
2
Colored Red Africa Blitz
3
Find the 'City' Movie
4
5x2 Blitz: Bands
5
The Countries of the World
6
Find the Countries of Europe - No Outlines Minefield
7
Find the US States
8
US States
More Sports Quizzes
Evolution of Football Crests: Real Madrid
Curator's Pick
Trending Quizzes
Colored Red Europe Blitz I
Colored Red Africa Blitz II
Colored Red Europe Blitz II
Colored Red Europe Blitz III
Colored Red Africa Blitz III
Recently Updated
How Do You Spell That?
pecheneg
Godzilla Movies
pecheneg
Grab Bag: 4-10 Letters
pecheneg
2024 March Madness Bracket
pecheneg
Famous TV Couples
Peacemaker
Champions League XIs: Real Madrid
pecheneg
Largest US Cities 1790-2010
pecheneg
Rides in Walt Disney World
pecheneg
Most Oscar Losses (Acting)
pecheneg
Beyoncé Albums
pecheneg
Trending Topics
Harry Potter
Marvel
Kpop
Disney
Crossword
Anime
NBA
NFL
Soccer
Puzzle
Country
The Office
WWE
Pokémon
Song
Your Account Isn't Verified!
In order to create a playlist on Sporcle, you need to verify the email address you used during registration. Go to your
Sporcle Settings
to finish the process.
Report this User
Report this user for behavior that violates our
Community Guidelines
.
Details:
Send Report
Go to the Sporcle.com Mobile Site →
Comments